000 00700nam a22002297a 4500
999 _c34434
_d34434
001 3804
003 CO-MdFUSB
005 20180622073141.0
008 180314t1971 xxu||||| |||| 00| 0 eng d
040 _aCO-MdFUSB
_bspa
_cCO-MdFUSB
_dCO-MdFUSBC
_erda
041 0 _aeng
082 0 4 _aG 227.4 D524g
100 1 _aDeWolf, L. Harold (Lotan) (1905-)
_eautor
245 1 0 _aGalatians
_b: A letter for today
_c / L. Harold DeWolf
264 4 _aGrand Rapids, MI., USA :
_b Eerdmans,
_c©1971
300 _a86 Pag
336 _2rdacontent
_atexto
_btxt
337 _2rdamedia
_asin mediación
_bn
338 _2rdacarrier
_avolumen
_bnc
653 _aInterpretación de la Biblia N.T. - Gálatas
942 _cBK